00954nam a2200229 a 4500001001000000003000500010005001700015008004100032010001100073011001100084040000900095100003000104245018700134260004100321500006000362502012200422650003700544650002200581650002600603650002500629856007000654000111019CHAP20220329144154.0141125s2014 mx sm |||||||spa d a107481 a108453 cCHAP1 aLópez López, Gilberto10aAnálisis y diseño de la producción de jitomate en invernadero "producto de los Altos S.P.R. DE R.L.", Tzutzben, Larráinzar, Chis.h[En línea]cpor Gilberto López López. aChapingo, Méx. :bEl autor,c2014. aPara ver el contenido del material haga clic en la liga aTesis (Lic.en Administración de Empresas Agropecuarias)-- UACH. División de Ciencias Económico- Administrativas14aTomatexCultivos en invernadero.14aTomatexMercadeo.14aTomatexProducción.14aTomatexRendimiento. aFinding aiduhttp://10.13.5.2/tesis/sist111019.pdfzTeclea aquí